00507nam a22001697a 450000500170000001000150001702000260003203500130005803700130007108200110008410000160009524500570011126000380016827000500020630000310025650000500028720140320114352.0 aENG-109181 a9788128022012c300.00 aEN-92714 bDBAD/PUB a530.11 aKamal Jyoti aThe cosmic principle of relativity /cby Kamal Jyoti bSapna Book Housec2013aBangalore bBangaloree560009a3rd Main Road, Gandhinagar axx,380p.c22cm(pbk)  aIncludes bibliographical references and index